Ciencia e ideología

Shranjeno v:
Bibliografske podrobnosti
Glavni avtor: Serrano, Augusto
Format: Texto
Izdano: Tegucigalpa: UNAH
Oznake: Označite
Brez oznak, prvi označite!

MARC

LEADER 00000 a a2200000 04500
001 21050
003
040
090 |a 090900  
100 |a Serrano, Augusto  
245 |a Ciencia e ideología  
260 |a Tegucigalpa:   |b UNAH  
300 |a 26 p.  
999 |c 17410  |d 17410